[Event "3rd Memorial Warakomska 2019"]
[Site "Suwalki"]
[Date "2019.08.12"]
[Round "9.16"]
[White "Reza, Wojciech"]
[Black "Cukrowski, Filip"]
[Result "1-0"]
[WhiteElo "2261"]
[BlackElo "2421"]
[Annotator "TA"]
[PlyCount "143"]
[EventDate "2019.08.05"]
[EventType "swiss"]
[EventCountry "POL"]
[SourceTitle "playchess.com"]
[Source "ChessBase"]
[SourceQuality "1"]

{[%evp 17,143,16,16,15,21,19,22,16,37,21,26,27,60,39,42,37,69,48,47,43,62,17,254,263,259,259,256,262,262,269,267,216,370,358,393,241,487,467,487,480,457,419,443,281,280,241,257,258,255,243,252,253,235,251,268,265,241,246,291,288,245,187,177,172,221,199,232,218,236,223,228,162,334,0,237,232,215,130,130,0,341,307,331,348,327,317,313,128,128,127,128,128,211,208,247,247,232,226,205,204,204,76,76,98,307,91,334,0,388,91,413,446,424,405,389,364,356,318,350,300,507,487,680,674,666,666,525,510]} 1. e4 c5 2. Nf3 e6 3. c3 d5 4. exd5 exd5 5. Bb5+ Bd7 6. Bxd7+ Nxd7 7. d4 Ngf6 8. O-O Be7 9. dxc5 Nxc5 10. Be3 {B22: Sicilian: 2 c3} (10. Nd4 O-O 11. Nf5 Re8 12. Nxe7+ Rxe7 13. Be3 Rc8 14. Nd2 Qd7 15. Bxc5 Rxc5 16. Re1 Rxe1+ {½-½ (16) Ghaem Maghami,E (2564)-Maghsoodloo,P (2560) Teheran 2017}) 10... O-O 11. Nbd2 Ng4 12. Bd4 {The position is equal.} Ne6 13. Nb3 a5 $146 ({Predecessor:} 13... Qd6 14. h3 Nxd4 15. Nbxd4 Nh6 16. Re1 Bf6 17. Qb3 Rfe8 {1-0 (39) Zaitsev,M (2440)-Wehmeier,S (2362) Germany 2002}) 14. a4 Ra6 15. Qd3 Qc7 16. Qf5 h5 17. g3 (17. Qxd5 $6 Nf4 $16) 17... Qd7 18. Rfe1 g6 19. Ne5 Qc7 $2 {[#]} (19... Nxe5 $11 20. Qxe5 Nxd4 21. Nxd4 (21. Qxd4 Bf6 $11) 21... Bf6) 20. Nxg6 $1 $18 {[%mdl 576] Discovered Attack} Nxd4 (20... fxg6 21. Qxg6+) 21. Nxe7+ $40 {[%mdl 128] White has strong attack.} Qxe7 22. Nxd4 Qf6 23. Rad1 Rd8 24. Re2 Qh6 $2 (24... Qxf5 25. Nxf5 Re6) 25. Qd3 Qg5 26. Nf5 {[%cal Bd4f5,Bf5e7,Be7d5][%mdl 32]} Rf6 $2 (26... Re6) 27. Ne7+ Kf8 28. h4 Qg7 29. Nxd5 Rfd6 30. Qf5 ({Less strong is} 30. Qe4 Re6 $18) 30... Qg6 31. Qxg6 fxg6 32. c4 Nf6 33. Rd3 {Hoping for Rf3.} Nxd5 34. Red2 ({Don't do} 34. Rxd5 $6 Rxd5 35. cxd5 Rxd5 $18) 34... Rb6 35. cxd5 {[%mdl 4096] Endgame KRR-KRR} Rdd6 36. Kg2 Rb4 37. b3 Ke7 38. Rc2 b5 39. Ra2 Kd7 40. Kf3 Rb6 41. Ke3 Kd6 42. Ra1 Rb8 43. axb5 R8xb5 44. Kd2 Rc5 $2 (44... Kd7 {was worth a try.} 45. Ra2 Kd6) 45. Ke3 Rcb5 46. Ra3 Kd7 47. Kd2 Kd6 48. Ra1 $2 (48. Ra2 $16) 48... Rc5 $1 49. Re1 $1 Rxd5 50. Rxd5+ Kxd5 {KR-KR} 51. Kc3 $1 Rb6 52. Ra1 (52. f4 $18) 52... Rb5 $16 53. Ra4 Rc5+ 54. Kb2 Ke5 (54... Kc6 $16 55. Ka3 g5) 55. Rf4 Rd5 56. Ka3 Rd1 57. Rf8 Ra1+ 58. Kb2 Rf1 {[#]} 59. Kc3 (59. Ra8 $1 $18) 59... Rc1+ 60. Kd3 Rc5 $2 (60... Rd1+ $16 61. Kc4 Rc1+ 62. Kb5 Rb1) 61. Re8+ $2 (61. f4+ $18 {is the precise move to win.} Ke6 62. Re8+ Kd6 63. Rg8) 61... Kf5 $2 (61... Kf6 $16 {was necessary.}) 62. Rf8+ Ke5 $1 63. Ra8 $2 (63. f4+ $18 Ke6 64. Ra8) 63... Rb5 $2 {[%mdl 8192] [#]} (63... Kf6 $16 {is more resistant.}) 64. Kc4 $1 $18 {[%cal Rc4b5]} Rb4+ 65. Kc3 Rb5 66. Ra6 Rc5+ 67. Kd3 Kf5 68. Rb6 g5 $2 (68... Rd5+ {is a better defense.} 69. Kc4 Rd2) 69. Rh6 {White is clearly winning.} Rd5+ 70. Kc4 Rd2 {If only Black now had time for ...gxh4....} 71. Rxh5 Ke4 72. Rxg5 {Accuracy: White = 54%, Black = 40%.} 1-0

[Event "3rd Memorial Warakomska 2019"]
[Site "Suwalki"]
[Date "2019.08.12"]
[Round "9.17"]
[White "Tihonov, Jurij"]
[Black "Licznerski, Lukasz"]
[Result "1-0"]
[WhiteElo "2393"]
[BlackElo "2328"]
[Annotator "TA"]
[PlyCount "145"]
[EventDate "2019.08.05"]
[EventType "swiss"]
[EventCountry "POL"]
[SourceTitle "playchess.com"]
[Source "ChessBase"]
[SourceQuality "1"]

{[%evp 26,145,42,52,47,26,37,10,75,55,62,67,59,29,120,100,85,87,93,88,89,85,107,47,185,120,131,108,121,110,116,89,151,146,176,112,117,113,142,93,93,0,137,128,196,190,204,199,203,179,246,246,365,246,246,246,240,246,246,232,260,260,243,251,257,232,212,51,51,51,51,51,51,51,51,51,51,58,260,138,141,148,147,150,142,147,268,117,114,122,131,52,216,218,217,208,226,226,226,221,151,37,656,621,2072,1904,29978,29979,29982,29983,29984,29983,29983,29984,29989,29990,29996,29997,29997,29998,29998,29999]} 1. Nf3 Nf6 2. c4 g6 3. Nc3 Bg7 4. e4 c5 5. d4 cxd4 6. Nxd4 Nc6 7. Be3 Ng4 8. Qxg4 Nxd4 9. Qd1 e5 10. Nb5 O-O 11. Qd2 Qh4 12. Bd3 d5 13. cxd5 Nxb5 14. Bxb5 {Hoping for Bd3.} Qxe4 {B39: Sicilian: Maroczy Bind with 5...Bg7 and 7...Ng4} 15. O-O Rd8 16. Rfd1 Qf5 (16... Bd7 $11 17. f3 Qf5) 17. Rac1 Bd7 18. Be2 {Strongly threatening g4.} e4 19. Rc7 b6 $146 (19... Bc6 $1 $11 20. d6 Be5) ({Predecessor:} 19... Bc6 20. dxc6 Rxd2 21. Rxd2 bxc6 22. Bc4 {0-1 (36) Quist,J (2275)-Espig,L (2455) Berlin 1993}) 20. Bg5 $36 {[%mdl 2048] White is on the roll.} Bf6 21. Bxf6 Qxf6 22. d6 Be6 23. b3 a5 24. Bc4 ({White should try} 24. Bb5 $16) 24... Rd7 (24... Rac8 $1 $14 25. Rxc8 Bxc8) 25. Bb5 (25. Qe3 $18) 25... Rdd8 $16 26. Bc6 Rac8 27. Rxc8 Rxc8 28. Bxe4 Kg7 (28... Bg4 $142 29. f3 Bd7) 29. Bb7 Rd8 30. h3 (30. Qc2 $18) 30... Qe5 31. Bf3 g5 32. Qc1 {And now Qc7 would win.} Rc8 33. Qd2 Rd8 34. Bg4 {Bxe6 is the strong threat.} Bxg4 (34... Bd7 $16 {was called for.} 35. Bf3 h6) 35. hxg4 {[%mdl 4096] Endgame KQR-KQR} Rd7 36. a4 h6 37. Qd3 Kg8 (37... Qf4 $142 38. f3 Qe5) 38. g3 $18 Qe6 (38... Kf8 {was worth a try.} 39. Kh1 Kg7) 39. f3 Qe5 40. Kg2 Kg7 41. Rd2 Qc5 42. f4 $1 Qc6+ 43. Kf2 Qc5+ 44. Qd4+ Qxd4+ 45. Rxd4 {KR-KR} Kf6 46. fxg5+ $2 ({Only move:} 46. Rd1 $1 $18) 46... hxg5 47. Rd5 $1 Ke6 48. Rxg5 Rxd6 49. Rb5 Kf6 50. Ke3 Kg6 51. Ke4 f6 $2 (51... Rc6 $14) 52. Rd5 ({White must play} 52. Ke3 $1 $18) 52... Rc6 $16 53. Kf4 $1 Rc1 54. Rb5 $1 Rf1+ 55. Ke4 Re1+ (55... Rg1 $16 56. Rxb6 Rxg3) 56. Kf3 (56. Kd5 $1 $18) 56... Rf1+ {[#]} 57. Ke2 $1 {[%cal Re2f1]} Rg1 {[#]} 58. Kf2 (58. Ke3 $1 $16) 58... Rc1 $2 (58... Rb1 $1 $14) 59. Rxb6 $18 Kg5 60. Rb5+ Kxg4 61. Rxa5 Rc2+ 62. Ke1 Kxg3 63. Rb5 ({White should play} 63. Kd1 $16 Rb2 64. Rb5) 63... Kg4 $2 {[%mdl 8192]} (63... Kf4 $14) 64. a5 f5 {intending ...f4.} 65. a6 f4 66. Ra5 {White mates.} f3 67. a7 Rc1+ 68. Kf2 Rc2+ 69. Ke3 f2 70. a8=Q f1=Q 71. Qg8+ Kh4 72. Qh7+ Kg4 73. Qg6+ {Accuracy: White = 53%, Black = 35%.} 1-0

[Event "3rd Memorial Warakomska 2019"]
[Site "Suwalki"]
[Date "2019.08.12"]
[Round "9.18"]
[White "Kiolbasa, Oliwia"]
[Black "Kowalski, Igor"]
[Result "1-0"]
[WhiteElo "2239"]
[BlackElo "2320"]
[Annotator "ChessBase"]
[PlyCount "73"]
[EventDate "2019.08.05"]
[EventType "swiss"]
[EventCountry "POL"]
[SourceTitle "playchess.com"]
[Source "ChessBase"]
[SourceQuality "1"]
[TimeControl "40/5400+30:1800+30"]

1. e4 {[%emt 0:00:00]} g6 {[%emt 0:00:00]} 2. d4 {[%emt 0:00:00]} Bg7 {[%emt 0:00:00]} 3. Nc3 {[%emt 0:00:03]} a6 {[%emt 0:00:00]} 4. Be3 {[%emt 0:00:20]} d6 {[%emt 0:00:00]} 5. h4 {[%emt 0:01:30]} h5 {[%emt 0:00:06]} 6. Qd2 {[%emt 0:00:36]} b5 {[%emt 0:00:24]} 7. O-O-O {[%emt 0:00:27]} Bb7 {[%emt 0:00:05]} 8. f3 {[%emt 0:00:33]} Nd7 {[%emt 0:00:06]} 9. Kb1 {[%emt 0:01:40]} Rc8 {[%emt 0:00:47]} 10. Nh3 {[%emt 0:00:26]} c5 {[%emt 0:00:28]} 11. Ng5 {[%emt 0:05:13]} cxd4 {[%emt 0:10:37]} 12. Bxd4 {[%emt 0:00:11]} Bxd4 {[%emt 0:00:06]} 13. Qxd4 {[%emt 0:00:12]} Ngf6 {[%emt 0:00:05]} 14. g3 {[%emt 0:06:32]} O-O {[%emt 0:05:32]} 15. g4 {[%emt 0:06:02]} Qb6 {[%emt 0:14:13]} 16. Qd2 {[%emt 0:07:16]} Rc7 {[%emt 0:12:35]} 17. Bd3 {[%emt 0:07:31]} Ne5 {[%emt 0:05:41]} 18. gxh5 {[%emt 0:01:43]} Nxh5 {[%emt 0:00:06]} 19. Rdg1 {[%emt 0:04:25]} Rfc8 {[%emt 0:04:56]} 20. f4 {[%emt 0:18:01]} Nxd3 {[%emt 0:00:54]} 21. Qxd3 {[%emt 0:00:52]} Qc5 {[%emt 0:08:39]} 22. f5 {[%emt 0:05:25]} Qe5 {[%emt 0:19:04]} 23. fxg6 {[%emt 0:16:49]} fxg6 {[%emt 0:00:03]} 24. Nf3 {[%emt 0:00:16]} Qg7 {[%emt 0:00:40]} 25. Nd4 {[%emt 0:05:46]} Kh7 {[%emt 0:11:39]} 26. Ne6 {[%emt 0:05:16]} Rxc3 {[%emt 0:00:15]} 27. bxc3 {[%emt 0:00:02]} Qxc3 {[%emt 0:00:07]} 28. Qxc3 {[%emt 0:01:05]} Rxc3 {[%emt 0:00:04]} 29. Ng5+ {[%emt 0:00:04]} Kg7 {[%emt 0:00:25]} 30. Re1 {[%emt 0:00:15]} Nf4 {[%emt 0:03:16]} 31. Kb2 {[%emt 0:04:10]} Rc4 {[%emt 0:01:21]} 32. Rhg1 {[%emt 0:02:29]} a5 {[%emt 0:01:25]} 33. Rg3 {[%emt 0:00:24]} b4 {[%emt 0:00:52]} 34. a3 {[%emt 0:00:31]} Rd4 {[%emt 0:01:17]} 35. Rf3 {[%emt 0:00:46]} Ng2 {[%emt 0:00:32]} 36. Re2 {[%emt 0:00:24]} bxa3+ {[%emt 0:00:46]} 37. Kxa3 {[%emt 0:00:20]} 1-0

[Event "3rd Memorial Warakomska 2019"]
[Site "Suwalki"]
[Date "2019.08.12"]
[Round "9.19"]
[White "Sanz Wawer, Daniel"]
[Black "Punin, Andrii"]
[Result "1/2-1/2"]
[WhiteElo "2154"]
[BlackElo "2305"]
[Annotator "ChessBase"]
[PlyCount "35"]
[EventDate "2019.08.05"]
[EventType "swiss"]
[EventCountry "POL"]
[SourceTitle "playchess.com"]
[Source "ChessBase"]
[SourceQuality "1"]
[TimeControl "40/5400+30:1800+30"]

1. e4 {[%emt 0:00:00]} d5 {[%emt 0:00:00]} 2. exd5 {[%emt 0:00:00]} Qxd5 {[%emt 0:00:00]} 3. Nc3 {[%emt 0:00:00]} Qd6 {[%emt 0:00:00]} 4. d4 {[%emt 0:00:00]} Nf6 {[%emt 0:00:00]} 5. Nf3 {[%emt 0:00:02]} a6 {[%emt 0:00:00]} 6. g3 {[%emt 0:01:41]} Bg4 {[%emt 0:00:05]} 7. Bg2 {[%emt 0:15:52]} c6 {[%emt 0:00:58]} 8. O-O {[%emt 0:01:46]} e6 {[%emt 0:00:29]} 9. h3 {[%emt 0:06:18]} Bxf3 {[%emt 0:00:05]} 10. Bxf3 {[%emt 0:00:05]} Be7 {[%emt 0:00:34]} 11. Bf4 {[%emt 0:01:07]} Qd8 {[%emt 0:01:05]} 12. Ne4 {[%emt 0:05:04]} Nxe4 {[%emt 0:00:08]} 13. Bxe4 {[%emt 0:00:05]} Nd7 {[%emt 0:00:45]} 14. Bg2 {[%emt 0:08:20]} O-O {[%emt 0:01:44]} 15. Qe2 {[%emt 0:00:17]} Re8 {[%emt 0:01:33]} 16. Rad1 {[%emt 0:02:37]} Bg5 {[%emt 0:01:39]} 17. Be5 {[%emt 0:09:10]} Nxe5 {[%emt 0:01:26]} 18. Qxe5 {[%emt 0:03:33]} 1/2-1/2

[Event "3rd Memorial Warakomska 2019"]
[Site "Suwalki"]
[Date "2019.08.12"]
[Round "9.20"]
[White "Skawinski, Arkadiusz"]
[Black "Szadkowski, Kamil"]
[Result "1/2-1/2"]
[WhiteElo "2398"]
[BlackElo "2245"]
[Annotator "TA"]
[PlyCount "41"]
[EventDate "2019.08.05"]
[EventType "swiss"]
[EventCountry "POL"]
[SourceTitle "playchess.com"]
[Source "ChessBase"]
[SourceQuality "1"]

{[%evp 16,41,11,0,15,23,25,10,26,10,36,42,39,28,42,38,60,31,89,64,64,64,88,0,77,0,84,0]} 1. e4 e5 2. Nf3 Nc6 3. Bb5 a6 4. Ba4 Nf6 5. O-O b5 6. Bb3 Be7 7. d3 O-O 8. Nc3 d6 9. a3 h6 {C77: Ruy Lopez: 3...a6 4 Ba4 Nf6, unusual lines} (9... Bg4 10. Be3 Nd4 11. Bxd4 exd4 12. Nd5 Nd7 13. h3 Bxf3 14. Qxf3 c6 15. Nf4 Nc5 16. Ba2 a5 17. Qg4 Kh8 18. Ne2 {1-0 (48) Caruana,F (2828)-Postny,E (2623) chess.com INT 2019}) 10. h3 Re8 11. Bd2 Bf8 {The position is equal.} 12. Re1 (12. Nd5 {is interesting.} Rb8 13. c4 Nd7 14. Ba2 Bb7 15. b4) 12... Be6 13. Bxe6 $146 ({Predecessor:} 13. Nd5 Nb8 14. a4 Bxd5 15. exd5 Nbd7 16. axb5 axb5 17. Rxa8 Qxa8 18. Qa1 Nc5 {½-½ (18) Davlyatshin,B (2141)-Kholmatov,Y (2214) Tashkent 2006}) 13... fxe6 14. b4 Qd7 15. Ne2 Qf7 16. Ng3 g5 (16... Nd7 $14) 17. Nh2 Bg7 18. Ng4 Nh7 19. Nh2 Nf6 20. Ng4 Nh7 $1 21. Nh2 {Accuracy: White = 33%, Black = 26%.} ({White should try} 21. a4 $16) 1/2-1/2

[Event "3rd Memorial Warakomska 2019"]
[Site "Suwalki"]
[Date "2019.08.12"]
[Round "9.21"]
[White "Mulet, Piotr"]
[Black "Molenda, Marcin"]
[Result "0-1"]
[WhiteElo "2244"]
[BlackElo "2387"]
[Annotator "TA"]
[PlyCount "93"]
[EventDate "2019.08.05"]
[EventType "swiss"]
[EventCountry "POL"]
[SourceTitle "playchess.com"]
[Source "ChessBase"]
[SourceQuality "1"]

{[%evp 19,93,31,32,15,14,-15,-10,-22,-17,-30,-30,-56,-49,-41,-41,-61,-45,-47,-55,-61,-48,-56,-58,-45,-29,-21,24,0,0,0,26,41,66,74,87,0,0,-42,0,0,0,0,0,0,0,0,0,18,8,-178,-192,-265,-173,-355,-267,-297,-266,-312,-315,-388,-258,-255,-197,-273,-211,-227,-208,-298,-330,-1081,-497,-606,-575,-1312,-375,-648]} 1. c4 g6 2. Nc3 Bg7 3. g3 d6 4. Bg2 e5 5. e3 Nc6 6. Nge2 f5 7. d3 Nf6 8. O-O O-O 9. Rb1 Be6 10. Nd5 Rb8 11. Nec3 {A25: English Opening vs King's Indian with ...Nc6 but without early d3} Ne7 12. Bd2 (12. b4 c6 13. Nxf6+ Bxf6 14. b5 d5 15. bxc6 bxc6 16. Qa4 e4 17. cxd5 cxd5 18. Rxb8 Qxb8 {½-½ (32) Timofeev,A (2549)-Palchun,G (2441) Sochi 2017}) 12... c6 13. Nxe7+ {The position is equal.} Qxe7 14. Qa4 a6 15. Rfc1 $146 ({Predecessor:} 15. f4 Nd7 16. b4 e4 17. Qc2 exd3 18. Qxd3 Nb6 {0-1 (26) Erbe,J-Rodriguez Vila,A (2435) Buenos Aires 1994}) 15... Ng4 16. h3 Nf6 17. b4 h5 18. b5 axb5 19. cxb5 c5 $1 20. h4 Ra8 21. Qc2 Qf7 22. a4 {[%cal Ba2a4,Ba4a5,Ba5a6][%mdl 32]} d5 23. Ne2 Rfc8 24. a5 Ne8 25. Qa4 b6 26. a6 Nd6 27. f4 (27. Bc3 $16) 27... e4 $11 28. dxe4 dxe4 {Hoping for ...Ba2.} 29. Bc3 Bc4 30. Bxg7 Kxg7 31. Nc3 Bd3 $36 {[%mdl 2048] aiming for ...Nc4. Black fights for an advantage.} 32. Rd1 Ra7 33. Bf1 c4 34. Bxd3 $2 {[#]} (34. Qa3 $11 {and White is okay.} Ne8 35. Rbc1) 34... exd3 $19 35. Qa1 (35. Qa2 $142) 35... Qf6 36. Qa3 $2 (36. Rdc1 {might work better.}) 36... Kh7 37. Qb2 Rc5 38. Rdc1 Qe6 39. Re1 Qe8 40. Kh2 Qh8 41. Qa3 (41. Rec1 $142) 41... Qd8 42. Red1 Ne4 43. Na4 (43. Qb2 $142) 43... Rc8 44. Nb2 $2 {[#]} (44. Nc3 Nf2 45. Rd2 Ng4+ {[%mdl 64] Double Attack} 46. Kh3) 44... Nf2 (44... d2 $142 {Strongly threatening ...c3.} 45. Qa2 c3) 45. Rd2 Ng4+ 46. Kh3 Qe8 $2 (46... c3 47. Rxd3 Nf2+ {[%mdl 64] Double Attack} 48. Kh2 Nxd3 49. Nxd3 Qxd3 {[%mdl 64] Double Attack}) 47. Re1 $2 {Accuracy: White = 25%, Black = 56%.} (47. Nxc4 Rxc4 48. Qxd3) 0-1

[Event "3rd Memorial Warakomska 2019"]
[Site "Suwalki"]
[Date "2019.08.12"]
[Round "9.22"]
[White "Paszewski, Mateusz"]
[Black "Sernecki, Franciszek"]
[Result "0-1"]
[WhiteElo "2324"]
[BlackElo "2275"]
[Annotator "ChessBase"]
[PlyCount "90"]
[EventDate "2019.08.05"]
[EventType "swiss"]
[EventCountry "POL"]
[SourceTitle "playchess.com"]
[Source "ChessBase"]
[SourceQuality "1"]
[TimeControl "40/5400+30:1800+30"]

1. e4 {[%emt 0:00:09]} c5 {[%emt 0:00:00]} 2. Nf3 {[%emt 0:00:36]} Nc6 {[%emt 0:00:03]} 3. d4 {[%emt 0:00:12]} cxd4 {[%emt 0:00:06]} 4. Nxd4 {[%emt 0:00:02]} g6 {[%emt 0:00:03]} 5. c4 {[%emt 0:00:42]} Nf6 {[%emt 0:00:05]} 6. Nc3 {[%emt 0:00:03]} Nxd4 {[%emt 0:00:03]} 7. Qxd4 {[%emt 0:00:05]} d6 {[%emt 0:00:03]} 8. f3 {[%emt 0:00:11]} Bg7 {[%emt 0:00:17]} 9. Be3 {[%emt 0:00:07]} O-O {[%emt 0:02:20]} 10. Qd2 {[%emt 0:00:40]} a5 {[%emt 0:06:54]} 11. Na4 {[%emt 0:01:05]} Nd7 {[%emt 0:01:35]} 12. O-O-O {[%emt 0:00:09]} b6 {[%emt 0:10:06]} 13. h4 {[%emt 0:05:01]} Ba6 {[%emt 0:11:57]} 14. Kb1 {[%emt 0:02:18]} Rc8 {[%emt 0:06:34]} 15. Rc1 {[%emt 0:01:35]} Nc5 {[%emt 0:01:00]} 16. Nc3 {[%emt 0:00:42]} h5 {[%emt 0:07:21]} 17. Bh6 {[%emt 0:04:02]} e5 {[%emt 0:12:41]} 18. Bg5 {[%emt 0:07:45]} f6 {[%emt 0:06:41]} 19. Be3 {[%emt 0:00:40]} Ne6 {[%emt 0:01:44]} 20. Nd5 {[%emt 0:02:31]} Nd4 {[%emt 0:01:04]} 21. Bd3 {[%emt 0:08:51]} Bb7 {[%emt 0:06:03]} 22. Rhg1 {[%emt 0:09:31]} Bxd5 {[%emt 0:05:13]} 23. cxd5 {[%emt 0:00:25]} Qd7 {[%emt 0:02:04]} 24. Rcf1 {[%emt 0:05:43]} b5 {[%emt 0:06:32]} 25. g4 {[%emt 0:03:37]} hxg4 {[%emt 0:00:41]} 26. Bxd4 {[%emt 0:02:31]} exd4 {[%emt 0:00:14]} 27. Rxg4 {[%emt 0:00:03]} Kh7 {[%emt 0:02:07]} 28. Qg2 {[%emt 0:02:13]} Bh6 {[%emt 0:04:11]} 29. f4 {[%emt 0:13:30]} Rg8 {[%emt 0:01:33]} 30. Rg1 {[%emt 0:00:18]} Qf7 {[%emt 0:00:42]} 31. Qf2 {[%emt 0:17:04]} Qa7 {[%emt 0:02:48]} 32. Qg2 {[%emt 0:07:54]} Qf7 {[%emt 0:00:20]} 33. Qf2 {[%emt 0:00:01]} Qa7 {[%emt 0:00:06]} 34. Bxb5 {[%emt 0:00:40]} a4 {[%emt 0:01:14]} 35. a3 {[%emt 0:00:38]} Rb8 {[%emt 0:01:19]} 36. Bd3 {[%emt 0:01:01]} Qc5 {[%emt 0:01:07]} 37. Rc1 {[%emt 0:03:42]} Qxa3 {[%emt 0:00:35]} 38. Qxd4 {[%emt 0:00:01]} Rb4 {[%emt 0:00:31]} 39. Bc4 {[%emt 0:02:24]} Qf3 {[%emt 0:00:39]} 40. Rcg1 {[%emt 0:00:00]} Rgb8 {[%emt 0:00:00]} 41. R4g2 {[%emt 0:06:16]} Bxf4 {[%emt 0:16:24]} 42. Qxf6 {[%emt 0:05:00]} Qxe4+ {[%emt 0:00:48]} 43. Ka1 {[%emt 0:00:49]} Be5 {[%emt 0:06:02]} 44. Qf7+ {[%emt 0:02:48]} Kh8 {[%emt 0:00:10]} 45. Rg4 {[%emt 0:00:39]} Qc2 {[%emt 0:01:53]} 0-1

[Event "3rd Memorial Warakomska 2019"]
[Site "Suwalki"]
[Date "2019.08.12"]
[Round "9.23"]
[White "Gurbanov, Andrei"]
[Black "Korbal, Arkadiusz"]
[Result "1-0"]
[WhiteElo "2305"]
[BlackElo "2178"]
[Annotator "ChessBase"]
[PlyCount "81"]
[EventDate "2019.08.05"]
[EventType "swiss"]
[EventCountry "POL"]
[SourceTitle "playchess.com"]
[Source "ChessBase"]
[SourceQuality "1"]
[TimeControl "40/5400+30:1800+30"]

1. d4 {[%emt 0:00:00]} Nf6 {[%emt 0:00:00]} 2. c4 {[%emt 0:00:00]} e6 {[%emt 0:00:02]} 3. Nf3 {[%emt 0:00:00]} c5 {[%emt 0:01:08]} 4. d5 {[%emt 0:00:00]} exd5 {[%emt 0:00:27]} 5. cxd5 {[%emt 0:00:00]} d6 {[%emt 0:00:23]} 6. Nc3 {[%emt 0:00:00]} g6 {[%emt 0:00:16]} 7. Bf4 {[%emt 0:00:29]} Bg7 {[%emt 0:13:42]} 8. Qa4+ {[%emt 0:00:35]} Bd7 {[%emt 0:00:38]} 9. Qb3 {[%emt 0:00:47]} Qc7 {[%emt 0:02:21]} 10. e4 {[%emt 0:00:26]} O-O {[%emt 0:03:53]} 11. Be2 {[%emt 0:00:26]} Nh5 {[%emt 0:06:37]} 12. Be3 {[%emt 0:04:17]} a6 {[%emt 0:00:44]} 13. a4 {[%emt 0:00:40]} Bg4 {[%emt 0:01:07]} 14. h3 {[%emt 0:01:11]} Bxf3 {[%emt 0:00:08]} 15. Bxf3 {[%emt 0:00:06]} Nf6 {[%emt 0:04:27]} 16. O-O {[%emt 0:03:32]} Nbd7 {[%emt 0:00:24]} 17. g3 {[%emt 0:00:08]} Rab8 {[%emt 0:01:13]} 18. Bg2 {[%emt 0:01:09]} b5 {[%emt 0:02:05]} 19. axb5 {[%emt 0:00:07]} axb5 {[%emt 0:00:14]} 20. Ra6 {[%emt 0:05:03]} b4 {[%emt 0:02:37]} 21. Nb1 {[%emt 0:03:55]} Rb6 {[%emt 0:05:52]} 22. Ra4 {[%emt 0:00:35]} Rb7 {[%emt 0:03:25]} 23. Nd2 {[%emt 0:03:22]} Nb6 {[%emt 0:01:20]} 24. Ra6 {[%emt 0:00:16]} c4 {[%emt 0:03:10]} 25. Qc2 {[%emt 0:03:11]} Nfd7 {[%emt 0:00:53]} 26. Rc1 {[%emt 0:01:48]} Rc8 {[%emt 0:03:04]} 27. Bf1 {[%emt 0:00:12]} c3 {[%emt 0:06:21]} 28. bxc3 {[%emt 0:00:12]} Bxc3 {[%emt 0:04:59]} 29. Nb3 {[%emt 0:02:44]} Ra7 {[%emt 0:01:45]} 30. Qe2 {[%emt 0:03:41]} Rxa6 {[%emt 0:00:49]} 31. Qxa6 {[%emt 0:00:03]} Nc4 {[%emt 0:06:23]} 32. Bd4 {[%emt 0:03:53]} Nce5 {[%emt 0:04:21]} 33. Kg2 {[%emt 0:02:23]} Qb8 {[%emt 0:06:31]} 34. f4 {[%emt 0:01:28]} Nc5 {[%emt 0:02:39]} 35. Bxc5 {[%emt 0:02:09]} dxc5 {[%emt 0:00:25]} 36. fxe5 {[%emt 0:00:08]} Bxe5 {[%emt 0:01:27]} 37. Rxc5 {[%emt 0:00:52]} Rxc5 {[%emt 0:00:10]} 38. Nxc5 {[%emt 0:00:05]} b3 {[%emt 0:08:22]} 39. Qb7 {[%emt 0:02:08]} b2 {[%emt 0:00:33]} 40. Qxb8+ {[%emt 0:00:00]} Bxb8 {[%emt 0:00:00]} 41. Bd3 {[%emt 0:00:15]} 1-0

[Event "3rd Memorial Warakomska 2019"]
[Site "Suwalki"]
[Date "2019.08.12"]
[Round "9.24"]
[White "Budrewicz, Krzysztof"]
[Black "Efroimski, Marsel"]
[Result "0-1"]
[WhiteElo "2188"]
[BlackElo "2318"]
[Annotator "NA"]
[PlyCount "48"]
[EventDate "2019.08.05"]
[EventType "swiss"]
[EventCountry "POL"]
[SourceTitle "playchess.com"]
[Source "ChessBase"]
[SourceQuality "1"]
[TimeControl "40/5400+30:1800+30"]

1. d4 {[%emt 0:00:00]} e6 {[%emt 0:02:57]} 2. c4 {[%emt 0:00:00]} b6 {[%emt 0:00:02]} 3. Nf3 {[%emt 0:03:20]} Bb7 {[%emt 0:01:13]} 4. g3 {[%emt 0:06:21]} Bb4+ {[%emt 0:00:05]} 5. Nbd2 {[%emt 0:01:02]} Nc6 {[%emt 0:38:15]} 6. a3 {[%emt 0:02:22]} Bxd2+ {[%emt 0:06:11]} 7. Qxd2 {[%emt 0:00:41]} Qf6 $11 {[%emt 0:02:39]} 8. Rg1 {[%emt 0:09:56]} Na5 {[%emt 0:04:55]} 9. Qc3 {[%emt 0:00:30]} c5 {[%emt 0:03:40]} 10. Bg5 {[%emt 0:06:28]} Qg6 {[%emt 0:05:42]} 11. Be3 {[%emt 0:17:39]} cxd4 {[%emt 0:15:35]} 12. Nxd4 {[%emt 0:01:15]} Rc8 {[%emt 0:02:34]} 13. b3 {[%emt 0:00:46]} Ne7 {[%emt 0:03:28]} 14. Qb2 {[%emt 0:04:05]} Qf6 {[%emt 0:03:10]} 15. h4 {[%emt 0:03:30]} Nf5 {[%emt 0:00:25]} 16. Bg2 {[%emt 0:03:48]} Bxg2 {[%emt 0:00:42]} 17. Rxg2 {[%emt 0:00:05]} Nxb3 {[%emt 0:00:24]} 18. Rd1 {[%emt 0:07:26]} Nbxd4 {[%emt 0:00:47]} 19. Bxd4 {[%emt 0:00:09]} Nxd4 {[%emt 0:00:04]} 20. Qxd4 {[%emt 0:00:08]} Qxd4 {[%emt 0:00:09]} 21. Rxd4 {[%emt 0:00:07]} Ke7 {[%emt 0:00:18]} 22. g4 {[%emt 0:00:19]} Rc5 {[%emt 0:00:24]} 23. Kd2 {[%emt 0:01:06]} Rhc8 {[%emt 0:00:05]} 24. Kd3 {[%emt 0:00:04]} Ra5 {[%emt 0:00:07]} 0-1